| 000 | 00795nam a22001577a 4500 | ||
|---|---|---|---|
| 003 | OSt | ||
| 005 | 20151003163049.0 | ||
| 008 | 151003b xxu||||| |||| 00| 0 eng d | ||
| 040 | _cRUA | ||
| 082 | _aAVM CHE 2002 B072 Or.1 | ||
| 100 |
_91938 _aCHEA, SIMETH. |
||
| 245 | _aEffect of an oil drench on the growth of local and zebu cattle fed urea, lime treated rice straw and ensiled cassava foliage in uta, ឥទ្ធិពលរបស់ចំបើងនឹងស្លឹកដំឡូងឈើផ្អាប់ដោយបញ្រកប្រេងរុក្ខជាតិទៅលើការលូតលាស់របស់គោក្នុងស្រុក និង ZEBU នៅ UTA | ||
| 260 |
_aPhnom Penh _bRUA _c2002 |
||
| 300 |
_avii; 32p. _bill. _c29cm. |
||
| 942 |
_2ddc _cAVM |
||
| 999 |
_c1837 _d1837 |
||